| 000 | 00987njm a2200277Ia 4500 | ||
|---|---|---|---|
| 001 | 25515 | ||
| 003 | IT-RoPAU | ||
| 005 | 20220918181136.0 | ||
| 008 | 131025s9999 xx 000 0 und d | ||
| 040 | _aIT-RoPAU | ||
| 040 | _cIT-RoPAU | ||
| 999 |
_c100920 _d100920 |
||
| 999 | _bNO | ||
| 100 |
_aRossini Gioachino _92267 |
||
| 100 |
_eAutore musica _911612 |
||
| 100 |
_gCodice autore musica SPICS: 11125 _92269 |
||
| 245 | _aSonate n 5 en mi bem mag ur orch a cordes | ||
| 250 | _a1a ed. | ||
| 260 | _aROMA | ||
| 260 |
_bSPICS RECORDS _c1984 [1a Ed.:1984 - Ed. Lingua Orig.: 1804] |
||
| 300 | _aMUSICASSETTA | ||
| 300 | _c48 minuti (Testo: pag.) | ||
| 500 | _aMusica classica, strumentale. | ||
| 505 | _aSonata n. 5 en mi bem mag pour orchestre a cordes - Sonata n. 6 en re mag pour orchestre a cordes - Variations pour clarinette et petit orchestre in do min - Serenade pour petit ensemble en mi bem mag | ||
| 650 |
_aSTRUMENTALE [CASSETTE] _eCodice MATERIA SPICS: 9951 _91218 |
||
| 942 |
_cMC _2ddc |
||